Entry Personal Name
Number of records used in: 1
001 - CONTROL NUMBER
003 - CONTROL NUMBER IDENTIFIER
005 - DATE AND TIME OF LATEST TRANSACTION
- control field:
20230923152246.0
008 - FIXED-LENGTH DATA ELEMENTS
- fixed length control field:
890728n| azannaab |n aaa
010 ## - LIBRARY OF CONGRESS CONTROL NUMBER
- LC control number:
n 88298806
040 ## - CATALOGING SOURCE
- Original cataloging agency:
DLC
- Language of cataloging:
eng
- Description conventions:
rda
- Transcribing agency:
DLC
- Modifying agency:
DLC
100 1# - HEADING--PERSONAL NAME
- Personal name:
Shemanske, Thomas R.,
- Dates associated with a name:
1952-
670 ## - SOURCE DATA FOUND
- Source citation:
Hijikata, H. The basis problem for modular ... 1989:
- Information found:
CIP t.p. (Thomas R. Shemanske) data sh. (b. 2/8/52)
670 ## - SOURCE DATA FOUND
- Source citation:
Modern cryptography and elliptic curves, a beginner's guide, 2017:
- Information found:
ECIP t.p. (Thomas R. Shemanske) data view (Shemanske, Thomas Richard; b. 02/08/1952)